LEADER 01081nam a2200265 i 4500 001 000000157397 003 CaOOAMICUS 005 20070109000000.0 008 070109s2006 it u000 u ita u 013 $a134753 020 $a88-7684-911-4 040 $aSeMil$bita 100 1 $aMerini, Alda,$d<1931-2009>.$0(OLS)http://semarc/name/47327 245 10$aCantico dei Vangeli /$cAlda Merini ; disegni di Elvio Marchionni. 260 $aMilano :$bFrassinelli,$c2006. 300 $a117 p. :$bill. ;$c17 cm. 490 0 $aI libri di Arnoldo Mosca Mondadori 700 1 $aMarchionni, Elvio.$0(OLS)http://semarc/name/61442 830 2$aI libri di Arnoldo Mosca Mondadori.$0(OLS)http://semarc/title/11725 850 $aSeMil 852 $aSeMil$W1$xVenegono$y1$m1D I 151$j109083$B109083$CSeMilBibl$Z2$F118618 $81 961 $aAcquisto: L.S. srl 996 $6020$a88-7684-911-4$9(OLS)http://semarc/number/147672 996 $6245$aCantico dei Vangeli$9(OLS)http://semarc/title/230802 996 $6260$aMilano :$bFrassinelli$9(OLS)http://semarc/publisher/32313 LEADER 00848nam a2200205 i 4500 001 000000205278 003 CaOOAMICUS 005 20110818000000.0 008 110818s1906 it u000 u ita u 013 $a184014 040 $aSeMil$bita 245 10$aMeccanica dei solidi e dei fluidi. Acustica. 250 $aterza edizione accresciuta e riveduta dall'Autore. 300 $aXV, 453 p. 500 $aIn mezzo al front : illustrato da 402 incisioni. 700 1 $aMurani, Oreste <1853-1937>.$0(OLS)http://semarc/name/90140 773 0 $aMurani, Oreste <1853-1937>$tTrattato elementare di fisica.$dMilano : Ulrico Hoepli, 1901-1906.$gVolume1$w()25334 850 $aSeMil 852 $aSeMil$W1$xVenegono$y1$m3W IV 267$j155772$B155772$CSeMilBibl$Z2$F167106 $81 996 $6245$aMeccanica dei solidi e dei fluidi. Acustica$9(OLS)http://semarc/title/297132